Tiny Almost Useless Trivia XII Quiz Stats

Quiz Updated Apr 9, 2016

Challenge
Share
Tweet
Embed
Score 0/15 Timer 03:00
0 Plays Today
Question Answer % Correct
Which woman, known as the Iron Lady, was Prime Minister of the UK?Thatcher
90.2%
What is the longest river entirely in England?Thames
86.8%
What number is represented by M in Roman numerals?thousand
80.7%
What is the main language spoken in Bangkok?Thai
80.6%
What token used in the original Monopoly set can be found in a sewing kit?thimble
78.8%
Which gland, found in the neck, has troubles if you don't have enough iodine in your diet?thyroid gland
75.6%
What 1991 movie has Susan Sarandon and Geena Davis playing two title women on the run?Thelma & Louise
72%
Who is missing from this set: Mr. Fantastic, Invisible Woman, and the Human Torch?Thing
64.4%
Question Answer % Correct
What transcendentalist wrote 'Walden' while spending time at the namesake pond?Thoreau
51.9%
What staple character of Children's TV is a vehicle who lives on the island of Sodor?Thomas the Tank Engine
49%
What form of plant protection is an anagram of a major compass direction?thorn
48.7%
After leaving Seattle, what new name was given to the Supersonics?Thunder
45.8%
Which Canadian holiday is on the same day that the U.S. celebrates Columbus Day?Thanksgiving
43.6%
What hero of Greek mythology escaped the Labyrinth and killed the Minotaur?Theseus
29.9%
What purely electronic instrument, played by moving hands near it, is known for making spooky sounds in horror films?theremin
20.3%

You're not logged in!

Compare scores with friends on all Sporcle quizzes.
Sign Up with Email
OR
Log In

You Might Also Like...

Show Comments

Extras

Top Quizzes Today


Score Distribution

Your Account Isn't Verified!

In order to create a playlist on Sporcle, you need to verify the email address you used during registration. Go to your Sporcle Settings to finish the process.